| 000 | 00803nam a22002177a 4500 | ||
|---|---|---|---|
| 005 | 20160404165549.0 | ||
| 010 | _a1516ENO7 ENG-114768 | ||
| 020 |
_a9789350716472 _c675.00 |
||
| 035 | _aEN-98300 | ||
| 035 | _aB-607186-215 | ||
| 037 |
_adpl _bVariety/Ven |
||
| 037 | _bDBAD/PUB | ||
| 082 | _a336.24 | ||
| 245 |
_aTaxmann's TDS : _bhow to meet your obligations as amended by Finance Act 2015 |
||
| 250 | _a21st ed | ||
| 260 |
_aNew Delhi _bTaxmann Publications _c2015 |
||
| 270 |
_a59/32,New Rohtak Road, _bNew Delhi _e110005 _k+91-11-45562222 _l- _m- |
||
| 300 |
_aI-29,686p. _c24cm(pbk) |
||
| 942 |
_2ddc _cEN _mTAX _h336.24 |
||
| 999 |
_c95829 _d95829 |
||